Multimedia: Computing communications and applications (Record no. 172203)
[ view plain ]
| 000 -LEADER | |
|---|---|
| fixed length control field | 00479nam a2200157Ia 4500 |
| 008 - FIXED-LENGTH DATA ELEMENTS--GENERAL INFORMATION | |
| fixed length control field | 231217s9999 xx 000 0 und d |
| 041 ## - LANGUAGE CODE | |
| Language code of text/sound track or separate title | English |
| 082 ## - DEWEY DECIMAL CLASSIFICATION NUMBER | |
| Classification number | 001.6443 STE;23 |
| 100 ## - MAIN ENTRY--PERSONAL NAME | |
| Personal name | Steinmetz, Ralf Nahrstedt, Klara |
| 245 #0 - TITLE STATEMENT | |
| Title | Multimedia: Computing communications and applications |
| 260 ## - PUBLICATION, DISTRIBUTION, ETC. | |
| Date of publication, distribution, etc. | 1995 |
| Name of publisher, distributor, etc. | Pearson Education |
| Place of publication, distribution, etc. | New Delhi |
| 300 ## - PHYSICAL DESCRIPTION | |
| Extent | xxvi+854 |
| 400 ## - SERIES STATEMENT/ADDED ENTRY--PERSONAL NAME [OBSOLETE, CAN/MARC], [LOCAL, USA] | |
| Personal name | innovative technology series |
| 650 ## - SUBJECT ADDED ENTRY--TOPICAL TERM | |
| Topical term or geographic name entry element | Multimedia:,Computing,communications |
| 942 ## - ADDED ENTRY ELEMENTS (KOHA) | |
| Koha item type | Books |
| Date last seen | Total checkouts | Full call number | Accession number | Cost, total (INR) price | Price effective from | Category | Lost status | Damaged status | Department | Withdrawn status | Home library | Current library | Shelving location | Entry date | Vendor | Cost, normal purchase price | Grants | Billnumber | Billdate | Currency symbol | Conversion rate | Discount | Old discount |
|---|---|---|---|---|---|---|---|---|---|---|---|---|---|---|---|---|---|---|---|---|---|---|---|
| 26/01/2024 | 001.6443 STE;23 | 28006 | 316.00 | 26/01/2024 | Books | Central Library | Central Library | Central Library | Central Library | 08/05/2004 | Book Paradise | 395.00 | CS | 18693 | 13/02/2006 | RS | 1 | 79 | 20 |
